000 00373nam a2200157Ia 4500
999 _c6046
_d6046
003 OSt
005 20191003115513.0
008 190906s9999||||xx |||||||||||||| ||und||
020 _a978-1844805426
040 _cmaju
100 _a Festing, Engle
245 0 _aInternational Human Resource Management
260 _aIndia
_bOxford
_c2012
300 _a368
942 _cBK
_2ddc